<?xml version="1.0" encoding="UTF-8"?>
<record
    xmlns:xsi="http://www.w3.org/2001/XMLSchema-instance"
    xsi:schemaLocation="http://www.loc.gov/MARC21/slim http://www.loc.gov/standards/marcxml/schema/MARC21slim.xsd"
    xmlns="http://www.loc.gov/MARC21/slim">

  <leader>02014nam a2200277Ia 4500</leader>
  <controlfield tag="003">OSt</controlfield>
  <controlfield tag="005">20241024145820.0</controlfield>
  <controlfield tag="008">200731s9999    xx            000 0 und d</controlfield>
  <datafield tag="020" ind1=" " ind2=" ">
    <subfield code="a">9789888139309 &#xA0;</subfield>
  </datafield>
  <datafield tag="020" ind1=" " ind2=" ">
    <subfield code="a">9888139304</subfield>
  </datafield>
  <datafield tag="040" ind1=" " ind2=" ">
    <subfield code="c">0</subfield>
  </datafield>
  <datafield tag="041" ind1=" " ind2=" ">
    <subfield code="a">chi</subfield>
  </datafield>
  <datafield tag="050" ind1=" " ind2=" ">
    <subfield code="a">BL1803</subfield>
    <subfield code="b">.C45127 2014</subfield>
  </datafield>
  <datafield tag="245" ind1=" " ind2=" ">
    <subfield code="a">&#x4E2D;&#x570B;&#x4EBA;&#x7684;&#x5B97;&#x6559;&#x751F;&#x6D3B;</subfield>
    <subfield code="b"> /</subfield>
    <subfield code="c">&#x5B97;&#x6A39;&#x4EBA;, &#x590F;&#x9F8D;, &#x9B4F;&#x514B;&#x5229;&#x4E3B;&#x7DE8;</subfield>
  </datafield>
  <datafield tag="246" ind1=" " ind2=" ">
    <subfield code="a">&#x4E2D;&#x56FD;&#x4EBA;&#x7684;&#x5B97;&#x6559;&#x751F;&#x6D3B;</subfield>
  </datafield>
  <datafield tag="260" ind1=" " ind2=" ">
    <subfield code="a">&#x9999;&#x6E2F;:</subfield>
    <subfield code="b">&#x9999;&#x6E2F;&#x5927;&#x5B78;&#x51FA;&#x7248;&#x793E;,</subfield>
    <subfield code="c">2014</subfield>
  </datafield>
  <datafield tag="300" ind1=" " ind2=" ">
    <subfield code="a">xxi, 284 p. :</subfield>
    <subfield code="b">ill. ;&#xA0;</subfield>
    <subfield code="c">23 cm.</subfield>
  </datafield>
  <datafield tag="505" ind1=" " ind2=" ">
    <subfield code="a">&#x672C;&#x66F8;&#x4EE5;&#x5F37;&#x70C8;&#x7684;&#x6B77;&#x53F2;&#x3001;&#x6587;&#x5316;&#x3001;&#x793E;&#x6703;&#x53CA;&#x653F;&#x6CBB;&#x8108;&#x7D61;&#x70BA;&#x80CC;&#x666F;,&#x5E36;&#x9818;&#x8B80;&#x8005;&#x8A0E;&#x8AD6;&#x5927;&#x4E2D;&#x83EF;&#x5B97;&#x6559;&#x3002;&#x300A;&#x4E2D;&#x570B;&#x4EBA;&#x7684;&#x5B97;&#x6559;&#x751F;&#x6D3B;&#x300B;&#x6709;&#x7570;&#x65BC;&#x5176;&#x4ED6;&#x666E;&#x53CA;&#x8B80;&#x7269;,&#x5B83;&#x4E26;&#x6C92;&#x6709;&#x63A2;&#x8A0E;&#x820A;&#x793E;&#x6703;&#x7684;&#x5B97;&#x6559;&#x6B77;&#x53F2;&#x6216;&#x6559;&#x689D;&#x50B3;&#x7D71;,&#x800C;&#x662F;&#x5C0D;&#x5B97;&#x6559;&#x751F;&#x6D3B;&#x7684;&#x793E;&#x6703;&#x56E0;&#x7D20;&#x4F5C;&#x51FA;&#x5168;&#x9762;&#x7684;&#x7814;&#x7A76;&#x3002;&#x672C;&#x66F8;&#x63A2;&#x7D22;&#x5B97;&#x6559;&#x5728;&#x90FD;&#x5E02;&#x3001;&#x9109; &#x90CA;&#x53CA;&#x5C0D;&#x5C11;&#x6578;&#x65CF;&#x7FA4;&#x7684;&#x5F71;&#x97FF;;&#x4EA6;&#x5F9E;&#x5B97;&#x6559;&#x89D2;&#x5EA6;&#x601D;&#x8003;&#x7576;&#x4EE3;&#x4E2D;&#x570B;&#x793E;&#x6703;&#x7684;&#x5404;&#x500B;&#x7BC4;&#x7587;,&#x5982;&#x4EBA;&#x9AD4;&#x3001; &#x6027;&#x5225;&#x3001;&#x74B0;&#x5883;,&#x4EE5;&#x81F3;&#x516C;&#x6C11;&#x793E;&#x6703;;&#x751A;&#x81F3;&#x8AD6;&#x53CA;&#x6B77; &#x53F2;&#x5B78;&#x3001;&#x793E;&#x6703;&#x5B78;&#x3001;&#x7D93;&#x6FDF;&#x53CA;&#x653F;&#x6CBB;&#x5B78;&#x3002;&#x672C;&#x66F8;&#x7684;&#x5404;&#x7AE0;&#x7BC0;&#x5747;&#x7531;&#x4F86;&#x81EA;&#x4E16;&#x754C;&#x9802;&#x5C16;&#x7814;&#x7A76;&#x6A5F;&#x69CB;&#x7684;&#x5C08;&#x5BB6;&#x57F7;&#x7B46;,&#x5305;&#x62EC;&#x9999;&#x6E2F;&#x3001;&#x4E2D;&#x570B;&#x5927;&#x9678;&#x3001;&#x81FA;&#x7063;&#x3001;&#x65B0;&#x52A0; &#x5761;&#x3001;&#x6B50;&#x6D32;&#x548C;&#x5317;&#x7F8E;&#x3002;

&#x672C;&#x66F8;&#x7684;&#x6587;&#x5B57;&#x6DFA;&#x767D;&#x6613;&#x61C2;,&#x4EE5;&#x666E;&#x7F85;&#x5927;&#x773E;,&#x4FEE;&#x8B80; &#x5B97;&#x6559;&#x5B78;&#x3001;&#x793E;&#x6703;&#x5B78;&#x3001;&#x4EBA;&#x985E;&#x5B78;&#x3001;&#x901A;&#x8B58;&#x5B78;&#x79D1;&#x6216;&#x4E2D;&#x570B;&#x7814;&#x7A76;&#x7684;&#x672C;&#x79D1;&#x751F;&#x548C;&#x901A;&#x8B58;&#x5B78;&#x79D1;&#x7684;&#x9AD8;&#x4E2D;&#x751F;&#x70BA;&#x5C0D;&#x8C61;&#x3002;

&#x5B97;&#x6A39;&#x4EBA;(David A. Palmer),&#x6CD5;&#x570B;&#x570B;&#x7ACB;&#x9AD8;&#x7B49; &#x5BE6;&#x8B49;&#x7814;&#x7A76;&#x9662;(EPHE)&#x5B97;&#x6559;&#x4EBA;&#x985E;&#x5B78;&#x535A;&#x58EB;&#x3001; &#x9999;&#x6E2F;&#x5927;&#x5B78;&#x793E;&#x6703;&#x5B78;&#x7CFB;&#x526F;&#x6559;&#x6388;&#x53CA;&#x9999;&#x6E2F;&#x4EBA;&#x6587;&#x793E;&#x6703; &#x7814;&#x7A76;&#x6240;&#x7814;&#x7A76;&#x54E1;&#x3002;

&#x590F;&#x9F8D; (Glenn Shive),&#x4E9E;&#x6D32;&#x57FA;&#x7763;&#x6559;&#x9AD8;&#x7B49;&#x6559;&#x80B2;&#x806F;&#x5408;&#x8463;&#x4E8B;&#x6703;&#x526F;&#x7E3D;&#x88C1;&#x3002;

&#x9B4F;&#x514B;&#x5229;(Philip L. Wickeri),&#x9999;&#x6E2F;&#x8056;&#x516C;&#x6703;&#x5927;&#x4E3B;&#x6559;&#x795E;&#x5B78;&#x53CA;&#x6B77;&#x53F2;&#x7814;&#x7A76;&#x9867;&#x554F;&#x3001;&#x7F8E;&#x570B;&#x67CF;&#x514B;&#x840A;&#x806F;&#x5408;&#x795E;&#x5B78;&#x7814;&#x7A76;&#x9662;&#x8CC7;&#x6DF1;&#x6559;&#x6388;&#x3001;&#x4E2D;&#x570B;&#x4E0A;&#x6D77;&#x5927;&#x5B78;&#x6B77;&#x53F2;&#x7CFB;&#x66A8;&#x4E2D;&#x570B;&#x793E;&#x6703;&#x7814;&#x7A76;&#x4E2D;&#x5FC3;&#x517C;&#x8077;&#x6559;&#x6388;&#x3002;
</subfield>
  </datafield>
  <datafield tag="650" ind1=" " ind2=" ">
    <subfield code="a">Religion and politics China.</subfield>
  </datafield>
  <datafield tag="650" ind1=" " ind2=" ">
    <subfield code="a">Religion and politics.</subfield>
  </datafield>
  <datafield tag="650" ind1=" " ind2=" ">
    <subfield code="a">Religion.</subfield>
  </datafield>
  <datafield tag="700" ind1=" " ind2=" ">
    <subfield code="a">&#x590F;&#x9F8D;</subfield>
  </datafield>
  <datafield tag="700" ind1=" " ind2=" ">
    <subfield code="a">&#x5B97;&#x6A39;&#x4EBA;</subfield>
  </datafield>
  <datafield tag="700" ind1=" " ind2=" ">
    <subfield code="a">&#x9B4F;&#x514B;&#x5229;</subfield>
  </datafield>
  <datafield tag="942" ind1=" " ind2=" ">
    <subfield code="2">ddc</subfield>
    <subfield code="c">CB</subfield>
  </datafield>
  <datafield tag="952" ind1=" " ind2=" ">
    <subfield code="0">0</subfield>
    <subfield code="1">0</subfield>
    <subfield code="4">0</subfield>
    <subfield code="7">0</subfield>
    <subfield code="a">GETS</subfield>
    <subfield code="b">GETS</subfield>
    <subfield code="c">GEN</subfield>
    <subfield code="d">2020-07-12</subfield>
    <subfield code="l">3</subfield>
    <subfield code="m">5</subfield>
    <subfield code="o">BL1803 .C45127 2014</subfield>
    <subfield code="p">00000550</subfield>
    <subfield code="r">2025-04-23 09:59:16</subfield>
    <subfield code="s">2023-03-16</subfield>
    <subfield code="w">2020-07-12</subfield>
    <subfield code="y">CB</subfield>
  </datafield>
  <datafield tag="999" ind1=" " ind2=" ">
    <subfield code="c">597</subfield>
    <subfield code="d">597</subfield>
  </datafield>
</record>
